80. výročie technickej normalizácie na Slovensku v znamení Svetového dňa normalizácie

14. október ako Svetový deň normalizácie i 80. výročie technickej normalizácie na Slovensku. STN bol prijatý za riadneho člena CEN a CENELEC. Informácie o seminári.

Saved in:
Bibliographic Details
Main Author: Blahová, Monika
Format: Book Chapter
Language:Slovak
Subjects:
Tags: Add Tag
No Tags, Be the first to tag this record!

MARC

LEADER 00000naa$a2200000$$$4500
001 0024963
005 20230511074607.6
041 0 |a slo 
044 |a SK 
245 1 0 |a 80. výročie technickej normalizácie na Slovensku v znamení Svetového dňa normalizácie  |c Monika Blahová 
520 |a 14. október ako Svetový deň normalizácie i 80. výročie technickej normalizácie na Slovensku. STN bol prijatý za riadneho člena CEN a CENELEC. Informácie o seminári. 
610 2 0 |a normalizácia technická 
610 2 0 |a Slovensko 
610 2 0 |a semináre 
100 1 |a Blahová, Monika